Top 40 All-Time SPFL Scorers - Statistics

General Stats
  • This quiz has been taken 15 times
  • The average score is 13 of 40
Answer Stats
Nationality Clubs Goals Player % Correct
Swedish Celtic 168 Henrik Larsson
92%
Scottish Rangers, Kilmarnock 217 Kris Boyd
85%
Scottish Rangers, Celtic, Dundee, Hibs,Livingston 96 Kenny Miller
77%
English Celtic 61 Chris Sutton
69%
English Rangers 83* James Tavernier
69%
English Dundee, St Mirren, MotherwellHearts, St Johnstone 97 John Sutton
69%
Scottish Aberdeen, Dundee United, Hearts 65* Lawrence Shankland
62%
Colombian Rangers 76 Alfredo Morelos
54%
Scottish Rangers, Kilmarnock 80 Ally Mccoist
54%
Scottish Celtic 68* James Forrest
54%
Scottish Hibs, Celtic, Dundee 121 Leigh Griffiths
54%
Irish Falkirk, Celtic, Hibs 102 Anthony Stokes
46%
Welsh Celtic 83 John Hartson
46%
French Celtic 60 Odsonne Edouard
46%
Scottish Motherwell,Celtic 171 Scott McDonald
46%
Irish Inverness, Aberdeen 85 Adam Rooney
38%
English Celtic 63 Gary Hooper
38%
Northern Irish Ross County, Hearts 61 Liam Boyce
38%
Scottish Kilmarnock, Rangers, Hearts 74 Steven Naismith
38%
Northern Irish Inverness, Dundee United, Ross County 83 Billy Mckay
31%
Scottish Hibs, Celtic 94 Derek Riordan
31%
Spanish Dundee, Rangers 73 Nacho Novo
31%
Northern Irish Celtic, Aberdeen, Dundee 75 Niall Mcginn
31%
Scottish Hearts 89 John Robertson
23%
Australian Dundee, Hibs 57* Martin Boyle
23%
English Falkirk, St Mirren, Motherwell 73 Michael Higdon
23%
Scottish Celtic 63 Kris Commons
15%
Scottish Rangers, Dundee, Aberdeen, Dundee United, St Johnstone 129 Billy Dodds
8%
German Rangers 58 Jorg Albertz
8%
Scottish Aberdeen, Hibs, St Johnstone,Kilmarnock 74 Paul Wright
8%
Scottish Dundee United, Aberdeen 59 Robbie Winters
8%
Scottish Dundee United, Rangers, St Mirren 73 Steven Thompson
8%
Scottish Raith Rovers, Hibs, Dunfermline,Dundee United, Aberdeen 78 Stevie Crawford
8%
Scottish Raith Rovers, Hearts 62 Colin Cameron
0%
Scottish Dunfermline,Kilmarnock, Hibs,Dundee 63 Colin Nish
0%
Scottish Dundee United, Hibs, Dunfermline,Inverness, Aberdeen 60 Craig Brewster
0%
Scottish Rangers, Dundee United, Hearts,Kilmarnock, Inverness 57 Gary Mcswegan
0%
Scottish Dundee, Hearts, Aberdeen, Dundee United, Dunfermline, Livingston, Motherwell, St Mirren 59 Jim Hamilton
0%
Irish Dundee United 58 Jon Daly
0%
Irish Dundee United, Celtic, Motherwell, Dundee 59 Tommy Coyne
0%
No matching quizzes found
Score Distribution
Percent of People with Each Score
Percentile by Number Answered
Your Score History
You have not taken this quiz